| 000 | 00507nam a2200181 a 4500 | ||
|---|---|---|---|
| 005 | 20140414093848.0 | ||
| 008 | 110408s19uu xx 00 eng d | ||
| 020 | _a9781906345426 | ||
| 050 |
_aCDR 370.1 _bEXA 2010 |
||
| 100 | _aInternational Baccalaureate Organization | ||
| 245 |
_aExamination paper and markscheme pack : _bNovember 2010 / _cIBO. |
||
| 260 |
_aUnited Kingdom : _bIBO, _c2010. |
||
| 650 | _aExam paper | ||
| 650 | _amarkscheme | ||
| 942 | _cAVM | ||
| 999 |
_c109743 _d109743 |
||